Ville à pays n°43 - Statistiques

Statistiques générales
  • Ce quiz a été pris 143 fois
  • Le résultat moyen est 9 sur 15
Statistiques - réponses
Population Ville Pays % Correct
432,892 Tel Aviv 2. Israel
98%
803,329 Oran 2. Algerie
95%
947,952 Tanger 3. Maroc
89%
1,373,630 Kawasaki 9. Japon
88%
293,909 Malmö 3. Suède
88%
342.021 Utrecht 4. Pays-Bas
78%
1,608,488 Recife 9. Brésil
77%
1,434,062 Puebla 4. Mexique
76%
1,146,359 Barranquilla 4. Colombie
64%
2,278,691 Guayaquil 1. Equateur
50%
154,000 Limassol 2. Chypre
48%
377,440 Brno 2. Republique Tcheque
48%
201,100 León 2. Nicaragua
17%
196,709 Battambang 3. Cambodge
13%
17,545 Baucau 2. Timor Oriental
2%
Aucun quiz correspondant
Distribution des résultats
% des personnes avec chaque résultat
Percentile par nombre de réponses
Votre historique - résultats
Vous n’avez pas pris ce quiz